000 00700nam a22002177a 4500
003 UA-OsUOA
001 43105
007 ta
008 20061205b un ||||| |||| 00| 0 ukr d
100 _aБондар К.
090 _a330
_bБ-11
942 _cSA
040 _aUA-OsUOA
_bukr
_cUA-OsUOA
_dUA-OsUOA
245 _aКонцептуальні засади забезпечення формування в Україні моделі економічного зростання іноваційного типу
300 _aС.44-50
955 _a0
041 _aukr
080 _a330
773 0 _w43104
_tЕкономіст
_dК.
_d2006
_g10
650 7 _a330 Економіка взагалі
_2UDC
999 _c329236
_d329236